<?xml version="1.0" encoding="UTF-8"?><?xml-stylesheet type="text/xsl" href="static/style.xsl"?><OAI-PMH xmlns="http://www.openarchives.org/OAI/2.0/" xmlns:xsi="http://www.w3.org/2001/XMLSchema-instance" xsi:schemaLocation="http://www.openarchives.org/OAI/2.0/ http://www.openarchives.org/OAI/2.0/OAI-PMH.xsd"><responseDate>2026-06-02T10:39:24Z</responseDate><request verb="GetRecord" identifier="oai:riuma.uma.es:10630/8298" metadataPrefix="marc">https://riuma.uma.es/rest/oai/request</request><GetRecord><record><header><identifier>oai:riuma.uma.es:10630/8298</identifier><datestamp>2026-02-03T12:05:54Z</datestamp><setSpec>com_10630_2254</setSpec><setSpec>col_10630_37959</setSpec></header><metadata><record xmlns="http://www.loc.gov/MARC21/slim" xmlns:dcterms="http://purl.org/dc/terms/" xmlns:doc="http://www.lyncode.com/xoai" xmlns:xsi="http://www.w3.org/2001/XMLSchema-instance" xsi:schemaLocation="http://www.loc.gov/MARC21/slim http://www.loc.gov/standards/marcxml/schema/MARC21slim.xsd">
   <leader>00925njm 22002777a 4500</leader>
   <datafield ind2=" " ind1=" " tag="042">
      <subfield code="a">dc</subfield>
   </datafield>
   <datafield ind2=" " ind1=" " tag="720">
      <subfield code="a">Van Kerckhoven, Sonia Helena</subfield>
      <subfield code="e">author</subfield>
   </datafield>
   <datafield ind2=" " ind1=" " tag="720">
      <subfield code="a">Cañas-Pendón, Rafael Antonio</subfield>
      <subfield code="e">author</subfield>
   </datafield>
   <datafield ind2=" " ind1=" " tag="720">
      <subfield code="a">De-la-Torre-Fazio, Fernando Nicolás</subfield>
      <subfield code="e">author</subfield>
   </datafield>
   <datafield ind2=" " ind1=" " tag="720">
      <subfield code="a">Ávila-Sáez, Concepción</subfield>
      <subfield code="e">author</subfield>
   </datafield>
   <datafield ind2=" " ind1=" " tag="720">
      <subfield code="a">Cánovas-Ramos, Francisco Miguel</subfield>
      <subfield code="e">author</subfield>
   </datafield>
   <datafield ind2=" " ind1=" " tag="720">
      <subfield code="a">Cantón, Francisco R.</subfield>
      <subfield code="e">author</subfield>
   </datafield>
   <datafield ind2=" " ind1=" " tag="260">
      <subfield code="c">2014-10-23</subfield>
   </datafield>
   <datafield ind2=" " ind1=" " tag="520">
      <subfield code="a">La asparragina es un metabolito clave en plantas para el transporte y reserva temporal de nitrógeno. La principal vía de movilización del nitrógeno contenido en el grupo amido de la asparragina implica a la enzima asparraginasa (ASPG, EC 3.5.1.1), especialmente en tejidos que demandan altas cantidades de este elemento, tales como semillas en desarrollo y hojas jóvenes. Durante el desarrollo y crecimiento del tronco de los árboles, éstos afrontan un consumo masivo de carbono y nitrógeno para proveer la síntesis de celulosa y lignina. Estudios previos han demostrado que la expresión del gen de asparraginasa en el pino está asociada al intensivo desarrollo del sistema vascular que se produce en el tallo de las plántulas una vez que ésta ha agotado las reservas de la semilla, y que su expresión está confinada a las células de la región del cambium (1). La observación de que este gen se expresa también en células de xilema secundario en diferenciación de árbol adulto sugiere que la ASPG podría jugar un papel importante en el desarrollo vascular y ser de gran relevancia en la producción de biomasa. Aunque conocemos, en líneas generales, la implicación de la asparraginasa en el transporte y movilización de nitrógeno, desconocemos los mecanismos moleculares que controlan espacial y temporalmente su actividad. En nuestro grupo seguimos diferentes aproximaciones para dilucidar el control transcripcional y post-transcripcional de esta enzima y su implicación en el desarrollo del sistema vascular. Nuestros objetivos específicos son determinar las características del procesado y activación de la asparraginasa de pino y los factores que regulan la expresión génica asociada al desarrollo vascular.</subfield>
   </datafield>
   <datafield ind1="8" ind2=" " tag="024">
      <subfield code="a">http://hdl.handle.net/10630/8298</subfield>
   </datafield>
   <datafield tag="653" ind2=" " ind1=" ">
      <subfield code="a">Coníferas - Efectos del nitrógeno</subfield>
   </datafield>
   <datafield tag="653" ind2=" " ind1=" ">
      <subfield code="a">Metabolitos vegetales</subfield>
   </datafield>
   <datafield ind2="0" ind1="0" tag="245">
      <subfield code="a">Caracterización de la asparraginasa de pino: implicaciones en el desarrollo del sistema vascular</subfield>
   </datafield>
</record>
</metadata></record></GetRecord></OAI-PMH>